000 00637nam a22002057a 4500
003 BD-DhUL
005 20180308095227.0
008 180308s1962 ii ||||| |||| 00| 0 ben |
040 _aBD-DhUL
_cBD-DhUL
082 _a891.443
_bBAB
100 1 _aবনফুল
245 0 0 _aভুবনসোম /
_cবনফুল
250 _a২য় সং.
260 _aকলকাতা :
_bডি.এম.লাইব্রেরী,
_c১৯৬২।
300 _a১১৯ পৃ. ;
_c১৯ সেমি.
365 _aIRS
_b25.00
650 4 _aবাংলা উপন্যাস
650 4 _2Bengali fiction
942 _2ddc
_cBK
999 _c239050
_d239050